[Event "Para State-ch final"]
[Site "Ananindeua"]
[Date "2014.12.19"]
[Round "1"]
[White "Bouth, Antonio Carlos Dant"]
[Black "Cohen Farias, Paulo"]
[Result "0-1"]
[WhiteElo "1861"]
[BlackElo "2225"]
[PlyCount "98"]
[EventDate "2014.12.19"]
[EventType "swiss"]
[EventRounds "5"]
[EventCountry "BRA"]
[SourceTitle "EXT 2018"]
[Source "ChessBase"]
[SourceDate "2017.10.13"]
[SourceVersion "1"]
[SourceVersionDate "2017.10.13"]
[SourceQuality "1"]

1. d4 Nf6 2. e3 b6 3. Bd3 e6 4. Nf3 Bb7 5. Nc3 Bb4 6. Bd2 0-0 7. a3 Be7 8. 0-0 d5 9. Re1 c5 10. b3 Ne4 11. Ne2 Bf6 12. c3 g6 13. Rc1 Nd7 14. c4 Qe7 15. h3 cxd4 16. exd4 Qxa3 17. Bh6 Rfd8 18. h4 Rac8 19. h5 a5 20. hxg6 hxg6 21. Nc3 Nxc3 22. Rxc3 dxc4 23. Rxc4 Bd5 24. Rxc8 Rxc8 25. Ne5 Nxe5 26. dxe5 Bg7 27. Bxg7 Kxg7 28. Ba6 Rc7 29. Qg4 Rc1 30. Rxc1 Qxc1+ 31. Kh2 Bxb3 32. f4 a4 33. Qg5 Qc7 34. Bd3 a3 35. Qf6+ Kg8 36. Bxg6 fxg6 37. Qxg6+ Kf8 38. Qf6+ Ke8 39. f5 Qh7+ 40. Kg1 Qxf5 41. Qh8+ Kd7 42. Qb8 Qb1+ 43. Kh2 Bd5 44. Qa7+ Ke8 45. Qxa3 Qa2 46. Qg3 Qxg2+ 47. Qxg2 Bxg2 48. Kxg2 Kf7 49. Kf3 Kg6 0-1